00346pab a2200133 454500008004000000100001700040245004600057260000900103300001300112362001100125650002500136650001700161773003400178180718b2011 xxu||||| |||| 00| 0 eng d aBhagat, R.B. aEmerging pattern of urbanisation in India c2011 ap.10-12. a20 Aug aUrbanization - India aUrbanization aEconomic and Political Weekly